| 000 | 00681nam a2200205 i 4500 | ||
|---|---|---|---|
| 001 | 88465 | ||
| 003 | ES-MaACL | ||
| 005 | 20250701212929.0 | ||
| 007 | t| | ||
| 008 | 050104s1944 ag ||||1| spa d | ||
| 100 | 1 |
_aLalande, André. _969725 |
|
| 245 | 1 | 4 |
_aLas teorías de la inducción y de la experimentación / _cAndré Lalande ; [traducción del francés por José Ferrater Mora]. |
| 260 |
_aBuenos Aires : _bLosada, _c[1944] ( _fJ. Hays Bell) |
||
| 300 |
_a296 p. ; _c21 cm. |
||
| 490 | 1 | _aBiblioteca filosófica | |
| 700 | 1 |
_aFerrater Mora, José. _950338 |
|
| 830 | 0 | 0 |
_aBiblioteca filosófica _9179275 |
| 852 |
_aES-MaACL _jC-3933 _bR.23621 |
||
| 999 |
_c88465 _d88465 |
||